[Event "AUTO-MASTER-1206"]
[Site "http://www.queenalice.com/game.php?id=825538"]
[Date "2010.8.30"]
[Round "1"]
[White "docb"]
[Black "JAA"]
[Result "0-1"]
[WhiteElo "2059"]
[BlackElo "1991"]

1. e4 e5 2. Nf3 Nc6 3. d4 exd4 4. Nxd4 Nxd4 5. Qxd4 d6 6. Bc4 Ne7 7. O-O Nc6 8.
Qe3 Ne5 9. Bb3 Ng4 10. Qg3 h5 11. h3 h4 12. Qf3 Ne5 13. Qe2 Be6 14. f4 Nd7 15.
Nc3 Qe7 16. f5 Bxb3 17. axb3 a6 18. Nd5 Qd8 19. Qc4 c6 20. Nf4 Ne5 21. Qe2 Qc7
22. Nd3 O-O-O 23. Bf4 f6 24. b4 d5 25. exd5 Rxd5 26. Kh1 Bd6 27. Rad1 Rd8 28.
Nxe5 Bxe5 29. Rxd5 Rxd5 30. c4 Rd4 31. Bxe5 Qxe5 32. Qxe5 fxe5 33. b3 b5 34. f6
gxf6 35. Rxf6 Kd7 36. cxb5 axb5 37. Rf3 Rf4 38. Rd3+ Rd4 39. Rf3 Rxb4 40. g3
hxg3 41. Rxg3 Ke6 42. Kg2 Rf4 43. Rc3 Kd5 44. Kg3 c5 45. h4 c4 46. bxc4+ bxc4
47. h5 Kd4 48. Rc1 c3 49. h6 Rf8 50. Kg4 e4 51. Kg5 e3 52. Rd1+ Ke4 53. Rc1 Kd3
54. h7 Kd2 55. Rh1 e2 0-1

[Event "AUTO-MASTER-1206"]
[Site "http://www.queenalice.com/game.php?id=825539"]
[Date "2010.8.30"]
[Round "1"]
[White "JAA"]
[Black "docb"]
[Result "0-1"]
[WhiteElo "2003"]
[BlackElo "2109"]

1. e4 Nc6 2. d4 d5 3. e5 Bf5 4. Nc3 Nb4 5. Bd3 Nxd3+ 6. cxd3 e6 7. Nge2 c6 8.
O-O Be7 9. Nf4 Qb6 10. Nce2 g5 11. Nh5 Bg4 12. Ng7+ Kf8 13. f3 Kxg7 14. fxg4 h5
15. gxh5 Rxh5 16. Be3 Nh6 17. Ng3 Rh4 18. Nh5+ Kg6 19. Nf6 Nf5 20. Qf3 Bxf6 21.
exf6 Nxe3 22. Qxe3 Qxd4 23. Qxd4 Rxd4 24. Rf3 Rf4 25. Raf1 Rxf3 26. Rxf3 c5 27.
Kf2 b5 28. Ke3 a5 29. d4 c4 30. Kd2 b4 31. Kc2 a4 32. g3 Re8 33. b3 axb3+ 34.
axb3 c3 35. g4 e5 36. Rf5 e4 37. Rxd5 Kxf6 38. Rf5+ Kg6 39. Rf1 Rd8 40. Rd1 f5
41. h3 f4 0-1

[Event "AUTO-MASTER-1206"]
[Site "http://www.queenalice.com/game.php?id=825554"]
[Date "2010.8.30"]
[Round "1"]
[White "luizimbroisi"]
[Black "JAA"]
[Result "0-1"]
[WhiteElo "2000"]
[BlackElo "1970"]

1. d4 d5 2. c4 e6 3. Nf3 b6 4. Bf4 Nf6 5. e3 Bb7 6. Nc3 Bb4 7. a3 Bxc3+ 8. bxc3
Ne4 9. Qc2 O-O 10. Bd3 Nd7 11. Bxe4 dxe4 12. Ng5 e5 13. dxe5 Nxe5 14. Nxe4 Nxc4
15. O-O Re8 16. Ng5 g6 17. Rfd1 Qe7 18. Rd4 b5 19. h4 h6 20. Nh3 Qxh4 21. Qc1
Qh5 22. Bxc7 Rac8 23. Bg3 Rc5 24. Qc2 Rd5 25. Nf4 Qg5 26. Nxd5 Bxd5 27. e4 Bc6
28. Bh2 f5 29. exf5 Qxg2# 0-1

[Event "AUTO-MASTER-1206"]
[Site "http://www.queenalice.com/game.php?id=825555"]
[Date "2010.8.30"]
[Round "1"]
[White "JAA"]
[Black "luizimbroisi"]
[Result "1-0"]
[WhiteElo "1987"]
[BlackElo "1983"]

1. e4 e5 2. Nf3 Nc6 3. Bc4 Nf6 4. Nc3 Bc5 5. O-O O-O 6. d3 d5 7. exd5 Ne7 8.
Nxe5 Bd6 9. d4 h6 10. Bf4 a6 11. Re1 Bb4 12. Re3 Bxc3 13. Rxc3 Nfxd5 14. Rf3 f6
15. Nd3 Bg4 16. h3 Bxf3 17. Qxf3 Kh8 18. Nc5 Nxf4 19. Qxf4 Qd6 20. Qg4 f5 21.
Qe2 b5 22. Bd3 Rae8 23. c3 Nd5 24. Qd2 Rf6 25. a4 c6 26. Nxa6 Nf4 27. Bf1 Rg6
28. g3 Nh5 29. axb5 cxb5 30. Bxb5 Nxg3 31. Qd3 Ne2+ 32. Kh1 Qd5+ 33. f3 Nf4 34.
Nb4 Qb7 35. Qf1 Re3 36. Bc6 Qb8 37. Ra8 Qxa8 38. Bxa8 Rg2 39. Qc1 Rge2 40. Nc2
Nd3 41. Qxe3 Rxe3 42. Nxe3 1-0

[Event "AUTO-MASTER-1206"]
[Site "http://www.queenalice.com/game.php?id=825564"]
[Date "2010.8.30"]
[Round "1"]
[White "dadge"]
[Black "JAA"]
[Result "1-0"]
[WhiteElo "2057"]
[BlackElo "2011"]

1. e4 e5 2. Nf3 Nc6 3. Nc3 Bb4 4. Bc4 Nf6 5. d3 d6 6. O-O Bg4 7. Ne2 Bxf3 8.
gxf3 g5 9. c3 Bc5 10. b4 Bb6 11. a4 a6 12. a5 Ba7 13. Ng3 h5 14. Kh1 Rg8 15. Nf5
Ne7 16. Nh6 Rg7 17. Bxg5 Nh7 18. Bxe7 Qxe7 19. Nf5 Qf6 20. Nxg7+ Qxg7 21. Rg1
Qf8 22. d4 O-O-O 23. b5 exd4 24. cxd4 Qh8 25. bxa6 Bxd4 26. axb7+ Kb8 27. Ra2
Qe5 28. a6 Ng5 29. Rxg5 Qxg5 30. f4 Qxf4 31. Qxd4 Qf3+ 32. Kg1 c5 33. a7+ 1-0

[Event "AUTO-MASTER-1206"]
[Site "http://www.queenalice.com/game.php?id=825565"]
[Date "2010.8.30"]
[Round "1"]
[White "JAA"]
[Black "dadge"]
[Result "0-1"]
[WhiteElo "1973"]
[BlackElo "2109"]

1. e4 e5 2. Nf3 Nc6 3. Bc4 h6 4. Nc3 Nf6 5. O-O Bc5 6. a3 d6 7. Nd5 Nxe4 8. d3
Ng5 9. Ne3 Be6 10. Nd5 Bg4 11. Be3 Nd4 12. Bxd4 Bxd4 13. c3 Bxf3 14. gxf3 Bb6
15. f4 Nh3+ 16. Kg2 Qh4 17. Qf3 Nxf4+ 18. Nxf4 Qxf4 19. Qxb7 O-O 20. a4 a5 21.
Rae1 Kh8 22. Kh1 f5 23. Rg1 Rab8 24. Qc6 g5 25. Rg3 h5 26. Rf3 Qh4 27. Rxe5 f4
28. d4 g4 29. Rd3 Rf6 30. Re7 Qxf2 31. Qg2 Qxg2+ 32. Kxg2 h4 33. Be6 f3+ 34. Kf1
g3 35. hxg3 hxg3 36. Rd2 Rh6 37. Kg1 Rf8 38. Bd5 Rh5 39. Be4 d5 40. Bxf3 Rxf3
41. Kg2 Rh2+ 42. Kxf3 Rxd2 43. Kxg3 Rxb2 44. Kf4 Ra2 45. Kf5 Kg8 46. Kf6 Rf2+
47. Kg6 Kf8 48. Rd7 Rf3 49. Rxd5 Rxc3 50. Kf6 Rc6+ 51. Ke5 Ke7 52. Kf5 Rc4 53.
Ke4 Rxa4 0-1

[Event "AUTO-OPEN-2087"]
[Site "http://www.queenalice.com/game.php?id=825621"]
[Date "2010.8.30"]
[Round "1"]
[White "JAA"]
[Black "msbasso01"]
[Result "1-0"]
[WhiteElo "1977"]
[BlackElo "1858"]

1. e4 c6 2. d4 d5 3. exd5 cxd5 4. Nf3 Nf6 5. Be2 Bf5 6. O-O a6 7. Nc3 e6 8. Bg5
Be7 9. Ne5 Nbd7 10. f4 h6 11. Bh4 Ne4 12. Nxe4 Bxe4 13. Bxe7 Qxe7 14. c3 Nf6 15.
Qa4+ Nd7 16. Bb5 Rd8 17. Bxd7+ 1-0

[Event "AUTO-OPEN-2087"]
[Site "http://www.queenalice.com/game.php?id=825622"]
[Date "2010.8.30"]
[Round "1"]
[White "msbasso01"]
[Black "JAA"]
[Result "1-0"]
[WhiteElo "1867"]
[BlackElo "1994"]

1. e4 e5 2. Nf3 Nc6 3. Bc4 Nf6 4. Ng5 d5 5. exd5 Nxd5 6. d3 f6 7. Ne4 Nd4 8.
Nbc3 Bf5 9. Bxd5 c6 10. Bb3 Bb4 11. Bd2 Qd7 12. Ng3 O-O-O 13. Nce4 Bxe4 14. Nxe4
Nxb3 15. axb3 Bxd2+ 16. Qxd2 Kb8 17. Qe3 Qd5 18. Qxa7+ Kc8 19. Nc5 1-0

[Event "AUTO-MASTER-1207"]
[Site "http://www.queenalice.com/game.php?id=825872"]
[Date "2010.8.31"]
[Round "1"]
[White "Blutigeroo"]
[Black "JAA"]
[Result "1/2-1/2"]
[WhiteElo "1929"]
[BlackElo "1974"]

1. e4 e5 2. Nf3 Nc6 3. Bc4 Nf6 4. d3 d5 5. exd5 Nxd5 6. O-O Bg4 7. h3 Bh5 8. g4
Bg6 9. Re1 Bd6 10. Bxd5 Qd7 11. Nc3 h5 12. Ng5 hxg4 13. Qxg4 f5 14. Qg2 Nd4 15.
f4 O-O-O 16. Be3 c6 17. Bxd4 cxd5 18. fxe5 Be7 19. e6 Qc6 20. Nf3 Bh5 21. Ne5
Qxe6 22. Ng6 Qxg6 23. Qxg6 Bxg6 24. Rxe7 Rxh3 25. Bxa7 Rdh8 26. Rae1 Rh1+ 27.
Kg2 R8h2+ 28. Kf3 Rh3+ 29. Kf4 Rh4+ 30. Kg3 1/2-1/2

[Event "AUTO-MASTER-1207"]
[Site "http://www.queenalice.com/game.php?id=825873"]
[Date "2010.8.31"]
[Round "1"]
[White "JAA"]
[Black "Blutigeroo"]
[Result "1-0"]
[WhiteElo "1966"]
[BlackElo "1843"]

1. e4 e6 2. d4 d5 3. Nc3 Bb4 4. Bd2 Ne7 5. Nf3 O-O 6. Bd3 Nbc6 7. e5 f6 8. exf6
Rxf6 9. Bg5 Rf7 10. Bh4 Qf8 11. Ng5 Rf4 12. Bxh7+ Kh8 13. Qh5 Bxc3+ 14. bxc3
Rxh4 15. Qxh4 Nf5 16. Bxf5+ 1-0

[Event "AUTO-MASTER-1207"]
[Site "http://www.queenalice.com/game.php?id=825884"]
[Date "2010.8.31"]
[Round "1"]
[White "emilio2100"]
[Black "JAA"]
[Result "1-0"]
[WhiteElo "2082"]
[BlackElo "2010"]

1. d4 d5 2. c4 Be6 3. Nc3 dxc4 4. e4 Nf6 5. Qa4+ Bd7 6. Qd1 e6 7. Bg5 Be7 8.
Bxc4 Nc6 9. Nf3 O-O 10. O-O a6 11. Qd2 b5 12. Bd3 Nb4 13. Bxf6 Bxf6 14. e5 Be7
15. Bb1 Bc6 16. Ne4 Nd5 17. Rc1 Bb7 18. a3 Nb6 19. b3 Nd7 20. Qc2 Rc8 21. Nd6 g6
22. Nxb7 Qe8 23. Qe4 f5 24. Qc6 Nb6 25. Qxe6+ Kh8 26. Bd3 Rg8 27. a4 c6 28. Nd6
Bxd6 29. Qxe8 Rgxe8 30. exd6 Nd7 31. axb5 axb5 32. Ne5 Nxe5 33. dxe5 Rxe5 34. d7
Rd8 35. Rxc6 Rxd7 36. Bf1 Rb7 37. b4 Kg7 38. g3 Kh6 39. Bg2 Rb8 40. Rc7 Ree8 41.
h4 Kh5 42. Rxh7+ 1-0

[Event "AUTO-MASTER-1207"]
[Site "http://www.queenalice.com/game.php?id=825885"]
[Date "2010.8.31"]
[Round "1"]
[White "JAA"]
[Black "emilio2100"]
[Result "1-0"]
[WhiteElo "1972"]
[BlackElo "2118"]

1. e4 d5 2. exd5 e6 3. dxe6 Bxe6 4. Nf3 Nf6 5. d4 Be7 6. Bd3 O-O 7. Nc3 Bg4 8.
h3 Bxf3 9. gxf3 Bb4 10. Rg1 Nc6 11. Be3 Re8 12. Kf1 Bxc3 13. bxc3 Qd7 14. Rh1
Nh5 15. Rb1 Rxe3 16. fxe3 Ng3+ 17. Kf2 Nxh1+ 18. Qxh1 b6 19. f4 a5 20. Bb5 1-0

[Event "AUTO-MASTER-1207"]
[Site "http://www.queenalice.com/game.php?id=825890"]
[Date "2010.8.31"]
[Round "1"]
[White "technicaldraw"]
[Black "JAA"]
[Result "1-0"]
[WhiteElo "2090"]
[BlackElo "1997"]

1. e4 e5 2. Nf3 Nc6 3. Bb5 d6 4. d4 Bd7 5. Nc3 exd4 6. Nxd4 Nxd4 7. Bxd7+ Qxd7
8. Qxd4 Nf6 9. O-O c5 10. Qd3 h6 11. Bf4 g5 12. Bg3 O-O-O 13. Rfd1 Ne8 14. e5 h5
15. h4 Be7 16. Nd5 Rh6 17. Qa3 b6 18. Nxe7+ Qxe7 19. exd6 Nxd6 20. Bxd6 Rhxd6
21. Rxd6 Rxd6 22. hxg5 Rd2 23. Qh3+ Kd8 24. Qxh5 Rxc2 25. Qd1+ 1-0

[Event "AUTO-MASTER-1207"]
[Site "http://www.queenalice.com/game.php?id=825891"]
[Date "2010.8.31"]
[Round "1"]
[White "JAA"]
[Black "technicaldraw"]
[Result "0-1"]
[WhiteElo "1988"]
[BlackElo "2041"]

1. e4 c5 2. Nc3 Nc6 3. Nf3 d6 4. Bc4 Nf6 5. O-O Bg4 6. Nd5 Nxd5 7. Bxd5 e6 8.
Bxc6+ bxc6 9. c3 Qf6 10. Qa4 Kd7 11. Qa6 Rc8 12. Ne1 Rc7 13. f3 Bh5 14. g4 Bg6
15. d3 Qd8 16. Ng2 Be7 17. f4 f6 18. f5 exf5 19. gxf5 Bf7 20. d4 cxd4 21. cxd4
Qb8 22. Bf4 Qxb2 23. Rab1 Qxd4+ 24. Be3 Qxe4 25. Bxa7 Bd5 26. Ne3 Qh1+ 27. Kf2
Qxh2+ 28. Ke1 c5 29. Bb8 Rcc8 30. Rb7+ Bxb7 31. Qxb7+ Kd8 32. Nd5 Qe5+ 33. Kd2
Rxb8 34. Qxb8+ Kd7 35. Qb7+ Ke8 36. Nc7+ Kf7 37. Qb3+ d5 38. Nxd5 Rd8 39. Kc1
Qxd5 0-1

[Event "AUTO-OPEN-2087"]
[Site "http://www.queenalice.com/game.php?id=890386"]
[Date "2011.1.24"]
[Round "2"]
[White "colombHouse"]
[Black "JAA"]
[Result "1-0"]
[WhiteElo "2350"]
[BlackElo "1972"]

1. e4 e5 2. Nf3 Nc6 3. Bb5 a6 4. Bxc6 dxc6 5. O-O Bg4 6. h3 h5 7. d3 Qf6 8. Nbd2
Ne7 9. Re1 Ng6 10. d4 Bd6 11. Kf1 b5 12. hxg4 hxg4 13. Ng1 exd4 14. Qxg4 Ne5 15.
Qf5 Qh4 16. Ndf3 Nxf3 17. Nxf3 Qh1+ 18. Ke2 Qxg2 19. Rg1 g6 20. Qf6 Qh3 21. e5
1-0

[Event "AUTO-OPEN-2087"]
[Site "http://www.queenalice.com/game.php?id=890387"]
[Date "2011.1.24"]
[Round "2"]
[White "JAA"]
[Black "colombHouse"]
[Result "0-1"]
[WhiteElo "1974"]
[BlackElo "2349"]

1. e4 e5 2. Nf3 Nc6 3. Bc4 Nf6 4. Ng5 d5 5. exd5 Na5 6. Bb5+ c6 7. dxc6 bxc6 8.
Be2 h6 9. Nf3 e4 10. Ne5 Bc5 11. c3 O-O 12. b4 Bd6 13. f4 exf3 14. Nxf3 Re8 15.
bxa5 Ba6 16. d3 Bc5 17. c4 Bd4 18. Nxd4 Qxd4 19. Qc2 Ng4 0-1

[Event "AUTO-OPEN-2087"]
[Site "http://www.queenalice.com/game.php?id=890398"]
[Date "2011.1.24"]
[Round "2"]
[White "JAA"]
[Black "Eliasz"]
[Result "0-1"]
[WhiteElo "1977"]
[BlackElo "2290"]

1. e4 e6 2. f4 c5 3. Nf3 d5 4. Nc3 Nc6 5. Bb5 Ne7 6. Ne5 Bd7 7. Nxc6 bxc6 8. Be2
f5 9. d3 d4 10. Nb1 Qc7 11. O-O Ng6 12. Bh5 Bd6 13. exf5 exf5 14. Qe1+ Kf8 15.
Qg3 Ne7 16. Nd2 g6 17. Be2 Re8 18. Nc4 Nd5 19. Bf3 Kg7 20. Bd2 Bxf4 21. Bxf4
Nxf4 22. Kh1 Re6 23. Rae1 Rhe8 24. Rxe6 Bxe6 25. Bxc6 Qxc6 26. Rxf4 Bxc4 27.
dxc4 Qa4 28. b3 Qxa2 29. Rf1 Qxc2 30. Qc7+ Kg8 31. Qxc5 Qf2 32. Qd5+ Kg7 33. Qf3
Qe3 34. Qb7+ Re7 35. Qd5 d3 36. h3 d2 37. Kh2 Kh6 38. Rf3 Qe1 39. Rd3 Re3 40.
Rxe3 Qxe3 41. Qd6 Qe2 0-1

[Event "AUTO-OPEN-2087"]
[Site "http://www.queenalice.com/game.php?id=890399"]
[Date "2011.1.24"]
[Round "2"]
[White "Eliasz"]
[Black "JAA"]
[Result "1-0"]
[WhiteElo "2270"]
[BlackElo "1981"]

1. e4 e5 2. Nf3 Nc6 3. Bc4 Bc5 4. c3 Nf6 5. d4 exd4 6. cxd4 Bb4+ 7. Nc3 Nxe4 8.
O-O Bxc3 9. d5 Ne5 10. Qe2 f5 11. bxc3 d6 12. Nxe5 dxe5 13. f3 Nd6 14. Qxe5+ Kf7
15. Bd3 Qh4 16. c4 Re8 17. Qc3 Kg8 18. c5 Nf7 19. Rb1 Ne5 20. Bb2 Qf6 21. Rfe1
Nxd3 22. Rxe8+ Kf7 23. Qxd3 1-0